Domácki zamestnanci
Pracovnoprávne vzťahy zamestnávateľov a domáckych zamestnancov upravuje Zákonník práce v paragrafe 52. Pracovná zmluva. Práva a povinnosti vyplývajúce z pracovného pomeru. Pracovný čas. Dovolenka na zotavenie. Pokračovanie v č. 1/2006.
Salvato in:
| Autore principale: | |
|---|---|
| Natura: | Capitolo di libro |
| Lingua: | slovacco |
| Soggetti: | |
| Tags: |
Nessun Tag, puoi essere il primo ad aggiungerne!!
|
MARC
| LEADER | 00000naa$a2200000$$$4500 | ||
|---|---|---|---|
| 001 | 0037941 | ||
| 005 | 20230925074312.4 | ||
| 041 | 0 | |a slo | |
| 044 | |a SK | ||
| 245 | 1 | 0 | |a Domácki zamestnanci |c Anna Jendrálová |
| 520 | |a Pracovnoprávne vzťahy zamestnávateľov a domáckych zamestnancov upravuje Zákonník práce v paragrafe 52. Pracovná zmluva. Práva a povinnosti vyplývajúce z pracovného pomeru. Pracovný čas. Dovolenka na zotavenie. Pokračovanie v č. 1/2006. | ||
| 610 | 2 | 0 | |a zamestnanci domácki |
| 610 | 2 | 0 | |a práca z domu |
| 610 | 2 | 0 | |a zamestnávatelia |
| 610 | 2 | 0 | |a vzťahy pracovnoprávne |
| 610 | 2 | 0 | |a zmluvy pracovné |
| 610 | 2 | 0 | |a čas pracovný |
| 610 | 2 | 0 | |a dovolenka |
| 610 | 2 | 0 | |a zákonník práce |
| 100 | 1 | |a Jendrálová, Anna | |